| 000 | 00356nam a2200133Ia 4500 | ||
|---|---|---|---|
| 008 | 240624s9999 xx 000 0 und d | ||
| 041 | _aeng | ||
| 082 | _a343.73 BLA | ||
| 100 | _aBLAIR ROGER D | ||
| 245 | _aMONOPSONY IN LAW AND ECONOMICS | ||
| 260 |
_c2010 _aNew Delhi _bCambridge University Press |
||
| 300 | _axiv, : 247 : p. : cm. ; 22 | ||
| 365 |
_c _b38 |
||
| 999 |
_c28331 _d28331 |
||